00580nam a2200169 450000500170000001000150001702000260003203500140005803700130007208200120008524500930009726000460019027000810023630000250031750000500034270000180039220191216165650.0 aENG-127158 a9789352876617c995.00 aEN-110690 bDBAD/PUB a615.882 aLocal health traditions :ced.by Arima Mishrabplurality and marginality in South Asia / aHyderabadbOrient Blankswan Privatec2019 a3-6-752 Himayatnagar, HyderabadbTelanganae500029mindo@orientblackswan.com axvi;328p .c22cm(Hb) aIncludes bibliographical references and index aMishra, Arima